000 00574nam a2200217Ia 4500
005 20221201115949.0
008 131103s9999 xx 000 0 und d
020 _a8129104156
040 _aLoreto College
041 _aEnglish
082 _a954.147
_bBAC
100 _aBach, Brian Paul
245 _aCalcutta's edifice
_b The buildings of a great city
_cBrian Paul Bach
260 _aNew Delhi
_bRupa and Co.
_c2006
300 _a733p
_b ill
504 _aIncludes index
650 _aWest Bengal, History
651 _aCalcutta
850 _aLCLIB
942 _cBK
999 _c12075
_d62554